[Event "EU-ch Amateur U1700"]
[Site "Zagreb"]
[Date "2022.08.21"]
[Round "9"]
[White "Zelic, Ivan1111"]
[Black "Babic, Tvrtko"]
[Result "1/2-1/2"]
[WhiteElo "1504"]
[BlackElo "1565"]
[PlyCount "65"]
[EventDate "2022.08.14"]
[EventType "swiss"]
[EventRounds "9"]
[EventCountry "CRO"]
[SourceTitle "CBM 210 Extra"]
[Source "ChessBase"]
[SourceDate "2022.11.30"]
[SourceVersion "1"]
[SourceVersionDate "2022.11.30"]
[SourceQuality "1"]

1. e4 e5 2. Nf3 Nc6 3. Bc4 Bc5 4. c3 Nf6 5. d3 d6 6. 0-0 h6 7. a4 a5 8. Nbd2 0-0 9. h3 Re8 10. Re1 Bb6 11. Nf1 Ne7 12. Qb3 Rf8 13. Ng3 Ng6 14. Be3 Bxe3 15. Rxe3 b6 16. Rd1 Ba6 17. Bxa6 Rxa6 18. d4 Qe8 19. dxe5 Nxe5 20. Nxe5 Qxe5 21. Qc4 Ra7 22. Qd4 Re8 23. Qxe5 Rxe5 24. f3 Ra8 25. c4 Nd7 26. Ne2 f5 27. Nc3 fxe4 28. Rxe4 Rae8 29. Rde1 Rxe4 30. Rxe4 Rxe4 31. Nxe4 Kf7 32. Kf2 Ke6 33. Ke3 1/2-1/2

[Event "EU-ch Amateur U1700"]
[Site "Zagreb"]
[Date "2022.08.17"]
[Round "5"]
[White "Ruzic, Milos"]
[Black "Babic, Tvrtko"]
[Result "1/2-1/2"]
[WhiteElo "1654"]
[BlackElo "1565"]
[PlyCount "134"]
[EventDate "2022.08.14"]
[EventType "swiss"]
[EventRounds "9"]
[EventCountry "CRO"]
[SourceTitle "CBM 210 Extra"]
[Source "ChessBase"]
[SourceDate "2022.11.30"]
[SourceVersion "1"]
[SourceVersionDate "2022.11.30"]
[SourceQuality "1"]

1. e4 e5 2. Nf3 Nc6 3. Bb5 a6 4. Ba4 Nf6 5. d3 b5 6. Bb3 Be7 7. c3 d6 8. h3 0-0 9. 0-0 Na5 10. Bc2 c5 11. Be3 Bb7 12. Nbd2 Qc7 13. Nh2 d5 14. Bg5 h6 15. Bxf6 Bxf6 16. Ng4 Qd6 17. Nxf6+ Qxf6 18. Qf3 Qxf3 19. Nxf3 dxe4 20. dxe4 Nc6 21. a4 Rfd8 22. Rfd1 f6 23. axb5 axb5 24. Rxd8+ Rxd8 25. Kf1 Kf7 26. Ke2 Ra8 27. Rxa8 Bxa8 28. Bd3 c4 29. Bc2 Na5 30. Nd2 Bc6 31. Ke3 Bd7 32. f4 exf4+ 33. Kxf4 g5+ 34. Ke3 Nc6 35. b3 cxb3 36. Bxb3+ Be6 37. Bd5 Na7 38. Kd4 Ke7 39. Kc5 Bd7 40. Nf3 g4 41. hxg4 Bxg4 42. Nd4 Nc8 43. Nxb5 h5 44. c4 h4 45. Bb7 h3 46. gxh3 Bxh3 47. Bxc8 Bxc8 48. Nd6 Bd7 49. Nf5+ Ke6 50. Kd4 Bc6 51. c5 Ba8 52. Ne3 Bc6 53. Nd5 Bb7 54. Nf4+ Kd7 55. Nd3 Ke6 56. Ke3 Ba6 57. Nb4 Bb5 58. Kf4 Ba4 59. Nd5 Bc6 60. Nb4 Ba4 61. c6 Bb3 62. Nd5 Kd6 63. c7 Kd7 64. Kf5 Bxd5 65. c8Q+ Kxc8 66. exd5 Kd7 67. Kxf6 Kd6 1/2-1/2